000 00325nam a2200133Ia 4500
008 191201s1998 xx 000 0 und d
100 _aKRUGLINSKI, David J
245 0 _aProgramming MS Visual C++
250 _a7th
260 _aN.Delhi
_bPearson Education
_c1998
300 _a1153
650 _aB.Tech(IT)
942 _2ddc
_cBK
999 _c2747
_d2747